00445nam a2200157Ia 450000100060000000800410000602000180004704000130006508200160007811000430009424500660013725000080020326000620021150100070027354600070028023600140410s9999 xx 000 0 und d a0-85229-178-7 cPK-LaUMT aR 030bCHI- aencyclopaedia Britannica International aChildren's Britannicacencyclopaedia Britannica International a3rd aLondon,UK:bEncyclopaedia Britannica International,c1981 a18 aEN